000 00439pab a2200145 454500
008 180718b1986 xxu||||| |||| 00| 0 eng d
100 _aVed Prakash
245 _aRole and Structure of user changes in financing urban services in developing countries
260 _c1986
300 _a1-24
362 _aAutumn
650 _aMunicipal Services - Finance - Underdeveloped Areas
773 _aRegional Development Dialogue
909 _a13975
999 _c13975
_d13975